| 000 | 01610nam a2200481 i 4500 | ||
|---|---|---|---|
| 001 | 5160 | ||
| 003 | KOSZ 005 | ||
| 005 | 20200525101432.0 | ||
| 008 | 981118s1984 pl a f |001 0 pol | ||
| 015 | _aPB 1985/698 | ||
| 020 | _a8321331599 | ||
| 035 | _a(PL-WaBN)b12082338-48omnis_nlop | ||
| 035 | _ab12082338 | ||
| 035 | _a(OCoLC)749527108 | ||
| 035 | _a(PL)b0000001208233 | ||
| 040 |
_aWA N _cWA N _dKOSZ 005/HR |
||
| 041 | 0 | _apol | |
| 046 | _k1984 | ||
| 080 | _a624.01/.07:531 | ||
| 080 | _a519.6 | ||
| 080 | _a517.9 | ||
| 245 | 0 | 0 |
_aMetoda elementów skończonych w dynamice konstrukcji / _cWłodzimierz Gawroński [et al.] ; kier. zespołu aut. Jan Kruszewski. |
| 260 |
_aWarszawa : _b"Arkady", _c1984. |
||
| 300 |
_a334, [2] s. : _brys., wykr., err. ; _c25 cm. |
||
| 336 |
_2rdacontent _aTekst _btxt |
||
| 337 |
_2rdamedia _aBez urządzenia pośredniczącego _bn |
||
| 338 |
_2rdacarrier _aWolumin _bnc |
||
| 380 | _aKsiążki | ||
| 380 | _aPublikacje naukowe | ||
| 388 | _a1901-2000 | ||
| 504 | _aBibliogr. s. 323-329. - Indeks. | ||
| 658 | _aArchitektura i budownictwo | ||
| 650 | 7 | _aAnaliza numeryczna | |
| 650 | 7 |
_aRównania różniczkowe _2DBN |
|
| 650 | 7 | _aZastosowanie i wykorzystanie | |
| 650 | 7 |
_aMechanika budowli _2DBN |
|
| 700 | 1 |
_aGawroński, Włodzimierz _eAutor |
|
| 710 | 2 |
_aWydawnictwo Arkady _4pbl |
|
| 700 | 1 |
_aKruszewski, Jan _d(1929-2012) _eWybór |
|
| 856 |
_uhttp://koha.tu.koszalin.pl/cgi-bin/koha/opac-detail.pl?biblionumber=5160 _yKatalog online BPK |
||
| 942 |
_2UKD _cKS |
||
| 999 |
_c5160 _d5160 |
||